Bóng đá thế giới

Cuốn sách viết về lịch sử bóng đá thế giới từ khi thành lập FIFA đến nay

Đã lưu trong:
Bibliografiske detaljer
Hovedforfatter: Văn An
Format: Bog
Sprog:Undetermined
Udgivet: Hà Nội Thanh niên 1997
Fag:
Tags: Tilføj Tag
Ingen Tags, Vær først til at tagge denne postø!
Thư viện lưu trữ: Trung tâm Học liệu Trường Đại học Cần Thơ
LEADER 00592nam a2200193Ia 4500
001 CTU_22047
008 210402s9999 xx 000 0 und d
082 |a 796.33 
082 |b V115 
100 |a Văn An 
245 0 |a Bóng đá thế giới 
245 0 |c Văn An 
260 |a Hà Nội 
260 |b Thanh niên 
260 |c 1997 
520 |a Cuốn sách viết về lịch sử bóng đá thế giới từ khi thành lập FIFA đến nay 
650 |a Football 
904 |i Trong Hieu 
980 |a Trung tâm Học liệu Trường Đại học Cần Thơ